| 000 | 02417ngm a2200577Ia 4500 | ||
|---|---|---|---|
| 001 | ocn911982785 | ||
| 003 | OCoLC | ||
| 005 | 20231221122337.0 | ||
| 007 | vd cvaizq | ||
| 008 | 150626p20082007cau032 j vazxx d | ||
| 020 | _c15.95 | ||
| 024 | 1 | _a876964001649 | |
| 028 | 4 | 2 |
_a10164 _bMagnolia Home Entertainment |
| 035 | _a(OCoLC)911982785 | ||
| 040 |
_aMLN _cMLN _dWACOL _e |
||
| 049 | _aWACL | ||
| 092 |
_aEDVD _bPet |
||
| 245 | 0 | 0 | _aPeter & the wolf / Sergei Prokofiev's |
| 246 | 3 | 0 | _aPeter & the wolf |
| 250 | _aWidescreen. | ||
| 260 |
_aLos Angeles : _bMagnolia Home Entertainment, _cc2008. |
||
| 264 |
_aLos Angeles : _bMagnolia Home Entertainment, _c2008 |
||
| 300 |
_a1 videodisc (32 min.) : _bsd, col. ; _c4 3/4 in. |
||
| 500 | _aAdapted from Sergei Prokofiev's "Peter & the Wolf". | ||
| 508 | _aExecutive producers: Lars Hellebust, Simon Olswang ; co-producers: Zbigniew Zmudzki ; producers: Alan Dewhurst, Hugh Wellchman. | ||
| 511 | 0 | _aPhiharmonia Orchestra ; music directed and conducted by: Mark Stephenson. | |
| 520 | _aThis Academy Award winning new interpretation on Sergei Prokofiev's classic tale, Peter & the Wolf, is accompanied by a new orchestra recording, stop-frame model animation and state-of-the-art digital technology to create a magical world in which little boys can find the strength and courage to overcome their fears. | ||
| 538 | _aDVD ; Dolby digital ; widescreen (1.78:1). | ||
| 546 | _aSilent film with orchestral accompaniment. | ||
| 650 | 0 |
_aBoys _vJuvenile films. _95714632 |
|
| 650 | 0 |
_aWolves _vJuvenile films. _96395131 |
|
| 650 | 0 |
_aAnimated films. _95899959 |
|
| 650 | 0 |
_aSilent films. _991505 |
|
| 650 | 0 |
_aShort films. _991447 |
|
| 650 | 0 |
_aChildren's films. _95899960 |
|
| 650 | 0 |
_aMusical films. _95899961 |
|
| 650 | 0 |
_aFilm adaptations. _95899962 |
|
| 700 | 1 |
_aTempleton, Suzie, _d1967- _95899963 |
|
| 700 | 1 |
_aDewhurst, Alan. _95899964 |
|
| 700 | 1 |
_aWelchman, Hugh. _95899965 |
|
| 700 | 1 |
_aStephenson, Mark. _95899966 |
|
| 700 | 1 |
_aProkofiev, Sergey, _d1891-1953. _tPeti︠a︡ i volk. _914940 |
|
| 710 | 2 |
_aPhilharmonia Orchestra. _95899967 |
|
| 710 | 2 |
_aBreakthru Films. _95899968 |
|
| 710 | 2 |
_aChannel Four (Great Britain) _928096 |
|
| 710 | 2 |
_aStorm Studio. _95899969 |
|
| 710 | 2 |
_aArchangel SA (Firm) _95899970 |
|
| 710 | 2 |
_aMagnolia Home Entertainment (Firm) _973285 |
|
| 942 |
_cDVD _2ddc |
||
| 948 |
_a07/01/2015 _zSirsi |
||
| 999 |
_c287106 _d287106 |
||